Введение в теорию межкультурной коммуникации Курс лекций
Курс лекций «Введение в теорию межкультурной коммуникации» предназначен для студентов 3 курса специальности 031205 - перевод и переводоведение а также для студентов специальности 350300 - регионоведение (востоковедение). Материалы курса основаны на требованиях Государственного образовательного станд...
Tallennettuna:
| Päätekijä: | |
|---|---|
| Aineistotyyppi: | Курс лекций |
| Painos: | 1 |
| Linkit: | https://znanium.ru/catalog/document?id=464555 https://znanium.ru/cover/2210/2210398.jpg |
| Tagit: |
Lisää tagi
Ei tageja, Lisää ensimmäinen tagi!
|
| LEADER | 02856nam0a2200301 i 4500 | ||
|---|---|---|---|
| 001 | RU\infra-m\znanium\bibl\2210398 | ||
| 003 | https://znanium.ru/catalog/document?id=464555 | ||
| 005 | 20250508000000.0 | ||
| 010 | |a 978-5-7972-1133-4 | ||
| 100 | |a 20250508d2025 m y0rusy0150 ca | ||
| 101 | 0 | |a rus | |
| 102 | |a RU | ||
| 200 | 1 | |a Введение в теорию межкультурной коммуникации |e Курс лекций |f Ростовский государственный экономический университет (РИНХ) | |
| 205 | |a 1 | ||
| 210 | 1 | |a Ростов-на-Дону |c Ростовский Государственный Экономический Университет (РГЭУ, бывший РИНХ) |d 2007 | |
| 215 | |a 148 с. | ||
| 330 | |a Курс лекций «Введение в теорию межкультурной коммуникации» предназначен для студентов 3 курса специальности 031205 - перевод и переводоведение а также для студентов специальности 350300 - регионоведение (востоковедение). Материалы курса основаны на требованиях Государственного образовательного стандарта предназначены для оптимизации учебного процесса на факультете лингвистики н журналистики и содержат изложение необходимого объема информации по дисциплине «Введение в теорию межкультурной коммуникации» а также список литературы по данной дисциплине. Материалы данного издания способствуют активизации самостоятельной работы студентов указанных специальностей. | ||
| 333 | |a ВО - Бакалавриат | ||
| 606 | |a Культура. СМИ |x Межкультурная коммуникация |2 local | ||
| 608 | |a Курс лекций |2 local | ||
| 675 | |a 316 |z rus | ||
| 686 | |a 605 |2 rubbk | ||
| 686 | |a 42.03.02 |2 okso | ||
| 686 | |a 45.05.01 |2 okso | ||
| 700 | 1 | |a Локосова |b А.С. |g Александра Степановна |p Ростовский государственный экономический университет (РИНХ) | |
| 801 | 0 | |a RU |b Общество с ограниченной ответственностью «ЗНАНИУМ» |c 20250507 |2 rusmarc | |
| 856 | 4 | |a znanium.ru |m ebs_support@infra-m.ru |n НИЦ ИНФРА-М |u https://znanium.ru/catalog/document?id=464555 | |
| 856 | 4 | 1 | |a znanium.ru |d /cover/2210 |f 2210398.jpg |u https://znanium.ru/cover/2210/2210398.jpg |